Tobie Nathan : Secrets de thérapeute, L’Iconoclaste, 2021, 390 pages (notice n° 1605696)

détails MARC
000 -LEADER
fixed length control field 01904cam a2200181 4500500
005 - DATE AND TIME OF LATEST TRANSACTION
control field 20251228095140.0
041 ## - LANGUAGE CODE
Language code of text/sound track or separate title fre
042 ## - AUTHENTICATION CODE
Authentication code dc
100 10 - MAIN ENTRY--PERSONAL NAME
Personal name Bouit, Delphine
Relator term author
245 00 - TITLE STATEMENT
Title Tobie Nathan : Secrets de thérapeute, L’Iconoclaste, 2021, 390 pages
260 ## - PUBLICATION, DISTRIBUTION, ETC.
Date of publication, distribution, etc. 2022.<br/>
500 ## - GENERAL NOTE
General note 59
520 ## - SUMMARY, ETC.
Summary, etc. Catherine Guérard (1929-2010) a publié deux romans de son vivant. Lorsque les éditions du Chemin de fer décident de rééditer le second en 2021, toute trace de l’autrice a disparu. Les éditeurs interrogent cette éclipse, à l’aune des éléments biographiques qu’ils ont pu rassembler : pourquoi, entre 1967, parution de Renata n’importe quoi, et le décès de Catherine Guérard en 2010, ce silence jamais rompu ?
520 ## - SUMMARY, ETC.
Summary, etc. Catherine Guérard (1929-2010) published two novels in her time. When her publishers, the Éditions du Chemin de Fer, decided to bring the second one out again in 2021, there was no trace of the author left. Basing themselves on biographical elements they were able to gather, the publishers wonder what can have brought about this eclipse. Why did silence prevail from 1967, the year when Renata n’importe quoi came out, and Catherine Guérard’s death in 2010?
520 ## - SUMMARY, ETC.
Summary, etc. Catherine Guérard (1929-2010) publicou dois romances durante a sua vida. Quando a editora Chemin de fer decidiu reeditar o segundo em 2021, todos os vestígios da autora tinham, entretanto, desaparecido. Os editores questionam este eclipse à luz dos elementos biográficos que conseguiram reunir: por que razão, entre 1967, data da publicação de Renata n’importe quoi, e 2010, ano da morte de Catherine Guérard, nos deparamos com um espesso silêncio que nunca foi quebrado?
786 0# - DATA SOURCE ENTRY
Note Sigila | 50 | 2 | 2022-12-07 | p. 184c-185c | 1286-1715
856 41 - ELECTRONIC LOCATION AND ACCESS
Uniform Resource Identifier <a href="https://shs.cairn.info/revue-sigila-2022-2-page-184c?lang=fr&redirect-ssocas=7080">https://shs.cairn.info/revue-sigila-2022-2-page-184c?lang=fr&redirect-ssocas=7080</a>

Pas d'exemplaire disponible.

PLUDOC

PLUDOC est la plateforme unique et centralisée de gestion des bibliothèques physiques et numériques de Guinée administré par le CEDUST. Elle est la plus grande base de données de ressources documentaires pour les Étudiants, Enseignants chercheurs et Chercheurs de Guinée.

Adresse

627 919 101/664 919 101

25 boulevard du commerce
Kaloum, Conakry, Guinée

Réseaux sociaux

Powered by Netsen Group @ 2025